Victimología (Record no. 85568)

MARC details
000 -LEADER
fixed length control field 00686cam a2200217 4500
005 - DATE AND TIME OF LATEST TRANSACTION
control field 20190628090548.0
008 - FIXED-LENGTH DATA ELEMENTS--GENERAL INFORMATION
fixed length control field 190627b mx ||||| |||| 00| 0 spa d
020 ## - INTERNATIONAL STANDARD BOOK NUMBER
International Standard Book Number 9684011628
050 04 - LIBRARY OF CONGRESS CALL NUMBER
Classification number HV6250.25
Item number N48 1992
100 1# - MAIN ENTRY--PERSONAL NAME
Personal name Neuman, Elías,
Relator term autor
245 10 - TITLE STATEMENT
Title Victimología
Remainder of title : el rol de la víctima en los delitos convencionales y no convencionales
Statement of responsibility, etc / Elías Neuman.
250 ## - EDITION STATEMENT
Edition statement 1a. ed.
260 ## - PUBLICATION, DISTRIBUTION, ETC. (IMPRINT)
Place of publication, distribution, etc México :
Name of publisher, distributor, etc Cárdenas editor y distribuidor,
Date of publication, distribution, etc r1992
300 ## - PHYSICAL DESCRIPTION
Extent 324 p. ;
Dimensions 21 cm.
504 ## - BIBLIOGRAPHY, ETC. NOTE
Bibliography, etc Bibliografía : p. 319-324
650 #7 - SUBJECT ADDED ENTRY--TOPICAL TERM
Source of heading or term lemb
Topical term or geographic name as entry element Víctimas de crimenes
650 #7 - SUBJECT ADDED ENTRY--TOPICAL TERM
Source of heading or term lemb
Topical term or geographic name as entry element Delitos
942 ## - ADDED ENTRY ELEMENTS (KOHA)
Source of classification or shelving scheme Biblioteca del Cogreso de los Estados Unidos
Koha item type Libro
Holdings
Estado de pérdida Fuente de clasificación Estado del daño No para préstamo Ubicación permanente Ubicación actual Apartado o colección Fecha de adquisición Edición Enumeración de Serie / Cronológica Dependencia de educación superior (DES) Área del conocimiento Total Checkouts Clasificación Código de Barras Date last seen Date checked out Número de copia Costo por reposición Tipo de recurso Nota pública
  Biblioteca del Cogreso de los Estados Unidos     Biblioteca de la Facultad de Derecho y Ciencias Sociales "Felipe J. Tena" Biblioteca de la Facultad de Derecho y Ciencias Sociales "Felipe J. Tena" General 27/06/2019 1a ed. BFD000011395 Derecho Ciencias Sociales y Administrativas 3 HV6250.25 N48 1992 BFD000011395 09/10/2025 09/10/2025 1 1.00 Libro Primera reimpresión